000 00257nam a2200109Ia 4500
008 190912s9999||||xx |||||||||||||| ||und||
100 _aHorngern, Foster
245 0 _aCost Accounting
260 _aNew Delhi
_bMcGraw-Hill
_c1997
300 _a1012
942 _cBK
999 _c7795
_d7795